[Event "Tourn. n9064"]
[Site "www.chess-mail.com"]
[Date "2016.11.29"]
[Round "1"]
[White "Bojan"]
[Black "Amaya"]
[WhiteElo "1980"]
[BlackElo "2100"]
[Result "1-0"]
[Round "1"]
1.e4 e6
2.d4 d5
3.e5 c5
4.Bc1e3 Nb8c6
5.dxc5 d4
6.Be3f4 Qd8a5
7.Qd1d2 Qa5xc5
8.Ng1f3 Qc5b6
9.c3 dxc3
10.Nb1xc3 Bf8b4
11.a3 Bb4c5
12.Nc3a4 Bc5xf2
13.Qd2xf2 Qb6b3
14.Na4c3 Ng8e7
15.Bf1b5 O-O
16.O-O Ne7g6
17.Bf4g3 Nc6e7
18.Nf3d4 { resign }
1-0

[Event "Tourn. n9033"]
[Site "www.chess-mail.com"]
[Date "2016.11.29"]
[Round "1"]
[White "Osopanda"]
[Black "Tonino1"]
[WhiteElo "2020"]
[BlackElo "2030"]
[Result "0-1"]
[Round "1"]
1.Ng1f3 Ng8f6
2.c4 g6
3.Nb1c3 Bf8g7
4.d4 O-O
5.e4 d6
6.Bf1e2 c6
7.O-O Qd8c7
8.Rf1e1 e5
9.dxe5 dxe5
10.Bc1g5 Bc8e6
11.Qd1c2 a5
12.Ra1c1 Nb8d7
13.Re1d1 h6
14.Bg5d2 Ra8d8
15.h3 Nd7c5
16.a3 Qc7b6
17.Bd2e3 Rd8xd1
18.Rc1xd1 Qb6b3
19.Qc2c1 Nc5xe4
20.Nc3xe4 Nf6xe4
21.Nf3d2 Ne4xd2
22.Qc1xd2 a4
23.Be3c5 Rf8e8
24.Rd1c1 Bg7f6
25.Be2d1 Qb3a2
26.Bc5b4 Be6xc4
27.Bb4c3 Re8d8
28.Qd2e3 Rd8d3
29.Qe3xh6 Rd3xc3
30.Rc1xc3 b5
31.Rc3g3 Qa2b1
{ resign }
0-1

[Event "Tourn. n9038"]
[Site "www.chess-mail.com"]
[Date "2016.11.29"]
[Round "1"]
[White "Bojan"]
[Black "Falcoale"]
[WhiteElo "1980"]
[BlackElo "1820"]
[Result "0-1"]
[Round "1"]
1.b4 Ng8f6
2.Bc1b2 e6
3.a3 b6
4.e3 Bc8b7
5.f3 d5
6.Ng1e2 Nb8d7
7.Ne2d4 Bf8e7
8.c4 O-O
9.Qd1c2 Ra8c8
10.Nd4b5 a6
11.Nb5d4 c5
12.Nd4b3 dxc4
13.Qc2xc4 b5
14.Qc4c2 Nf6d5
15.bxc5 Nd7xc5
16.Nb3d4 Nc5d7
17.Qc2d3 Nd7c5
18.Qd3e2 e5
19.Nd4f5 Be7f6
20.Qe2f2 Nc5b3
21.Ra1a2 Nd5e7
22.Nf5xe7 Qd8xe7
23.Nb1c3 Rf8d8
24.d3 Nb3c1
25.Bb2xc1 Rc8xc3
26.Bc1b2 Rc3c8
27.Bf1e2 Rc8c2
28.O-O Rd8c8
29.Rf1e1 Qe7d6
30.Qf2g3 Qd6e6
31.Be2d1 Qe6xa2
32.Bd1xc2 Rc8xc2
33.Bb2c1 h6
34.e4 Kf8
35.f4 Qa2b1
36.Qg3e3 Qb1a2
37.Qe3g3 exf4
38.Bc1xf4 Bf6d4
39.Kh1 Bd4f2
40.Bf4d6 Kg8
41.Qg3g4 Bf2xe1
42.Bd6e5 g5
{ resign }
0-1

[Event "Tourn. n9090"]
[Site "www.chess-mail.com"]
[Date "2016.11.29"]
[Round "1"]
[White "Norlavuaram"]
[Black "B0zata"]
[WhiteElo "2240"]
[BlackElo "2250"]
[Result "0-1"]
[Round "1"]
1.e4 d5
2.exd5 Qd8xd5
3.Nb1c3 Qd5e5
4.Qd1e2 Qe5xe2
5.Bf1xe2 c6
6.Ng1f3 Ng8f6
7.O-O Bc8g4
8.d4 e6
9.Bc1f4 Bf8e7
10.h3 Bg4xf3
11.Be2xf3 Nb8d7
12.a3 O-O
13.Ra1d1 Nf6d5
14.Nc3xd5 cxd5
15.c4 Nd7f6
16.c5 Ra8c8
17.b4 b6
18.Rd1c1 bxc5
19.dxc5 Rc8c6
20.Bf4e3 a6
21.Bf3d1 e5
22.Bd1a4 Rc6c7
23.c6 d4
24.Be3d2 Nf6d5
25.Rf1e1 Be7d6
26.Ba4b3 Nd5e7
27.Bb3a4 Rf8b8
28.Rc1c4 Ne7d5
29.Re1c1 Nd5b6
30.Ba4b3 Nb6xc4
31.Rc1xc4 Kf8
32.Bb3c2 h6
33.Bc2e4 Ke7
34.g4 Ke6
35.f3 Rb8b6
36.h4 Bd6e7
37.g5 hxg5
38.hxg5 Kd6
39.f4 f6
40.gxf6 gxf6
41.Rc4c1 Rb6xc6
42.fxe5 fxe5
43.Rc1f1 Rc6c2
44.Be4xc2 Rc7xc2
45.Bd2h6 Rc2c3
46.a4 Rc3b3
47.b5 axb5
48.axb5 Rb3xb5
49.Bh6g7 Be7g5
50.Bg7f8 Kd5
51.Rf1f5 Bg5f4
52.Rf5f6 Ke4
53.Kf2 Rb5b2
54.Ke1 Kf3
{ resign }
0-1

[Event "Tourn. n9087"]
[Site "www.chess-mail.com"]
[Date "2016.11.29"]
[Round "1"]
[White "B0zata"]
[Black "Karousek"]
[WhiteElo "2250"]
[BlackElo "2160"]
[Result "0-1"]
[Round "1"]
1.c4 Ng8f6
2.d4 g6
3.Ng1f3 Bf8g7
4.Nb1c3 O-O
5.e4 d6
6.Bf1e2 Nb8a6
7.a3 e5
8.d5 Na6c5
9.b4 Nc5xe4
10.Nc3xe4 Nf6xe4
11.Be2d3 f5
12.Bd3xe4 fxe4
13.Nf3g5 Bc8f5
14.Qd1e2 h6
15.Ng5xe4 Qd8h4
16.Ne4g3 Bf5g4
17.Qe2e4 Rf8f4
18.Bc1xf4 exf4
19.Qe4xg6 fxg3
20.Kf1 Bg4f5
21.Qg6xf5 Qh4xc4
22.Ke1 Ra8e8
23.Kd2 Re8e2
24.Kd1 Re2xf2
25.Qf5g6 Qc4d4
26.Kc1 Qd4xa1
27.Qg6b1 Qa1c3
{ resign }
0-1

[Event "Tourn. n9056"]
[Site "www.chess-mail.com"]
[Date "2016.11.29"]
[Round "1"]
[White "Norlavuaram"]
[Black "Libiesse"]
[WhiteElo "2240"]
[BlackElo "2060"]
[Result "1-0"]
[Round "1"]
1.e4 c5
2.Ng1f3 e6
3.d4 cxd4
4.Nf3xd4 Ng8f6
5.Bf1d3 a6
6.O-O d6
7.c4 Nb8c6
8.Bc1e3 Bf8e7
9.Nb1c3 O-O
10.Ra1c1 Bc8d7
11.a3 e5
12.Nd4e2 Bd7e6
13.f3 Qd8c7
14.Nc3d5 Qc7d8
15.b4 h6
16.Bd3b1 Ra8c8
17.b5 axb5
18.cxb5 Nc6b8
19.Ne2c3 Nf6xd5
20.Nc3xd5 Be6xd5
21.Qd1xd5 Qd8a5
22.Rc1xc8 Rf8xc8
23.Qd5xb7 Rc8e8
24.Be3a7 Qa5d8
25.a4 Nb8d7
26.Rf1c1 Nd7c5
27.Qb7c6 Be7g5
28.Rc1d1 Bg5e3
29.Kf1 Be3d4
30.b6 Re8e7
31.a5 Qd8d7
32.Qc6xd7 Re7xd7
33.Bb1a2 Kf8
34.Ba2c4 g6
35.Bc4b5 Rd7e7
36.a6 f5
37.exf5 gxf5
38.Ba7b8 Kg7
39.a7 { resign }
1-0

[Event "Match"]
[Site "www.echecsemail.com"]
[Date "2016.11.29"]
[Round "1"]
[White "Vinvangogh"]
[Black "Menace"]
[WhiteElo "1310"]
[BlackElo "2280"]
[Result "0-1"]
[Round "1"]
1.e4 c6
2.Nb1c3 d5
3.Ng1f3 Bc8g4
4.Bf1e2 Nb8d7
5.d4 dxe4
6.Nc3xe4 Ng8f6
7.Ne4xf6 Nd7xf6
8.Be2c4 e5
9.dxe5 Qd8xd1
10.Kxd1 Bg4xf3
11.gxf3 Nf6d7
12.Bc1f4 Bf8c5
13.Bf4e3 { time. }
0-1

[Event "Match"]
[Site "www.echecsemail.com"]
[Date "2016.11.29"]
[Round "1"]
[White "Hundegana"]
[Black "Vinvangogh"]
[WhiteElo "2000"]
[BlackElo "1310"]
[Result "1-0"]
[Round "1"]
1.e4 e5
2.c4 Ng8f6
3.f3 Bf8c5
4.Ng1e2 O-O
5.Ne2g3 Nb8c6
6.a3 Nc6d4
7.b4 Bc5b6
8.c5 d5
9.cxb6 axb6
10.Bc1b2 c5
{ time. }
1-0

[Event "Match"]
[Site "www.echecsemail.com"]
[Date "2016.11.29"]
[Round "1"]
[White "Osvalazo"]
[Black "Istomc"]
[WhiteElo "1850"]
[BlackElo "1630"]
[Result "1-0"]
[Round "1"]
1.Ng1f3 g6
2.e4 Nb8c6
3.Nb1c3 Bf8g7
4.Bf1b5 a6
5.Bb5xc6 bxc6
6.d4 d6
7.O-O Ng8f6
8.Bc1g5 h6
9.Bg5xf6 exf6
10.Rf1e1 O-O
11.d5 c5
12.h3 Ra8b8
{ time. }
1-0

[Event "Match"]
[Site "www.echecsemail.com"]
[Date "2016.11.29"]
[Round "1"]
[White "Cal"]
[Black "Rhodare"]
[WhiteElo "1640"]
[BlackElo "1499"]
[Result "1-0"]
[Round "1"]
1.c4 e5
2.e4 Bf8c5
3.Ng1f3 Ng8f6
4.a3 O-O
5.d3 d6
6.Bc1g5 h6
7.Bg5h4 Bc8g4
8.Bf1e2 Qd8e7
9.Nf3d2  { time }
1-0

[Event "Match"]
[Site "www.echecsemail.com"]
[Date "2016.11.29"]
[Round "1"]
[White "Faerieking"]
[Black "Gimmyg"]
[WhiteElo "2170"]
[BlackElo "2480"]
[Result "0-1"]
[Round "1"]
1.e4 c5
2.Ng1f3 e6
3.d4 cxd4
4.Nf3xd4 Nb8c6
5.Nb1c3 Ng8f6
6.Nd4xc6 bxc6
7.Bf1d3 Bf8d6
8.O-O Qd8c7
9.f4 e5
10.Qd1f3 O-O
11.Ra1b1 exf4
12.Bc1xf4 Bd6e5
13.Kh1 Ra8b8
14.b3 Rf8e8
15.Rb1e1 Qc7a5
16.Nc3a4 d6
17.h3 Rb8b7
18.c4 Rb7e7
19.Re1e2 Be5xf4
20.Qf3xf4 Nf6h5
21.Qf4f3 Qa5g5
22.g4 Nh5f6
23.Na4c3 h5
24.gxh5 Qg5h4
25.Re2h2 Nf6xh5
26.Rf1g1 f5
27.exf5 Re7e3
28.Qf3xc6 Bc8b7
29.Qc6xb7 Re3xd3
{ resign }
0-1

[Event "Match"]
[Site "www.echecsemail.com"]
[Date "2016.11.29"]
[Round "1"]
[White "Susov"]
[Black "Vinvangogh"]
[WhiteElo "1860"]
[BlackElo "1310"]
[Result "1-0"]
[Round "1"]
1.e4 e5
2.Ng1f3 Nb8c6
3.Nb1c3 Bf8c5
4.Bf1c4 Ng8h6
5.Nf3xe5 Nc6xe5
6.d3 Nh6g4
7.O-O Qd8h4
8.Bc1f4 g5
9.Bf4g3 Qh4h5
10.Bg3xe5 f6
11.h3 Qh5g6
{ time. }
1-0

[Event "1/16 Finale"]
[Site "www.chess-mail.com"]
[Date "2016.11.29"]
[Round "1"]
[White "Vega"]
[Black "Norlavuaram"]
[WhiteElo "2600"]
[BlackElo "2150"]
[Result "1-0"]
[Round "1"]
1.e4 e5
2.Ng1f3 Nb8c6
3.Bf1c4 Bf8e7
4.d4 d6
5.d5 Nc6b8
6.O-O Ng8f6
7.Nb1c3 O-O
8.h3 Nb8d7
9.Bc1e3 h6
10.a4 Nf6h7
11.a5 f5
12.exf5 Rf8xf5
13.Bc4d3 Rf5f8
14.Qd1e2 a6
15.Rf1e1 Nh7g5
16.Nf3d2 Qd8e8
17.Ra1a4 Be7f6
18.Ra4g4 Qe8h5
19.h4 Nd7c5
20.Rg4c4 Qh5xe2
21.Bd3xe2 Ng5f7
22.b4 Nc5d7
23.Rc4xc7 Bf6xh4
24.Be2g4 Nd7f6
25.Bg4e6 Bc8xe6
26.dxe6 Nf7h8
27.Rc7xb7 Rf8c8
28.Nc3e4 Nf6e8
29.c4 Nh8g6
30.Rb7d7 Ng6f8
31.Ne4xd6 Ne8xd6
32.Rd7xd6 Bh4e7
33.Rd6b6 Rc8d8
34.Nd2f3 Rd8d6
35.Nf3xe5 Rd6xb6
36.axb6 Be7xb4
37.Re1d1 Nf8xe6
38.Ne5c6 { resign }
1-0

[Event "Tourn. n9058"]
[Site "www.chess-mail.com"]
[Date "2016.11.30"]
[Round "1"]
[White "Roohbakhsh"]
[Black "Pellix84"]
[WhiteElo "2040"]
[BlackElo "1970"]
[Result "1-0"]
[Round "1"]
1.e4 c5
2.Ng1f3 d6
3.d4 cxd4
4.Nf3xd4 Ng8f6
5.Nb1c3 a6
6.Bc1g5 e6
7.f4 Qd8b6
8.Qd1d2 Qb6xb2
9.Ra1b1 Qb2a3
10.f5 e5
11.Bg5xf6 gxf6
12.Nc3d5 Qa3xa2
13.Rb1d1 Kd8
14.Qd2b4 exd4
15.Qb4b6 Ke8
16.Nd5xf6 Ke7
17.Nf6d5 Ke8
18.Nd5c7 Kd7
19.Nc7xa8 Qa2xc2
20.Rd1xd4 Qc2c6
21.Rd4c4 { resign }
1-0

[Event "Tourn. n9017"]
[Site "www.chess-mail.com"]
[Date "2016.11.30"]
[Round "1"]
[White "Passaroa25"]
[Black "Redabond"]
[WhiteElo "1500"]
[BlackElo "1690"]
[Result "0-1"]
[Round "1"]
1.e4 e5
2.f3 Bf8c5
3.Ng1e2 Ng8f6
4.Ne2g3 O-O
5.d3 d6
6.Ng3f5 Bc8xf5
7.exf5 Qd8d7
8.Qd1e2 Qd7xf5
9.Bc1e3 Bc5xe3
10.Qe2xe3 Rf8e8
11.Nb1d2 Nb8c6
12.c3 Nf6d5
13.Qe3e4 Qf5xe4
14.Nd2xe4 f5
15.Ne4g5 Nd5e3
16.Ra1c1 h6
17.Ng5h3 e4
18.Bf1e2 Ne3xg2
19.Kf2 exf3
20.Kxf3 Ng2h4
21.Kf2 g5
22.Be2h5 Re8e7
23.d4 Nc6a5
24.Bh5e2 Ra8e8
25.Nh3g1 f4
26.Be2h5 Re8f8
27.Rc1c2 Kg7
28.Rc2e2 Re7xe2
29.Bh5xe2 Na5c6
30.b4 f3
31.Ng1xf3 g4
32.Kg3 gxf3
33.Kxh4 fxe2
34.Rh1e1 Rf8f2
35.Kg3 Rf2f7
36.Re1xe2 Rf7e7
37.Re2xe7 Nc6xe7
38.Kg2 Ne7f5
39.d5 Nf5e3
40.Kg3 Ne3xd5
41.a4 Nd5xc3
42.a5 Nc3d5
43.b5 Nd5c3
44.b6 axb6
45.axb6 c6
46.h4 d5
47.h5 Kf6
48.Kf3 Kg5
{ resign }
0-1

[Event "Tourn. n9005"]
[Site "www.chess-mail.com"]
[Date "2016.11.30"]
[Round "1"]
[White "Foxy100"]
[Black "Numanoid"]
[WhiteElo "2300"]
[BlackElo "2330"]
[Result "0-1"]
[Round "1"]
1.e4 e6
2.d4 d5
3.Nb1d2 Ng8f6
4.e5 Nf6d7
5.Bf1d3 c5
6.c3 Nb8c6
7.Ng1e2 cxd4
8.cxd4 f6
9.exf6 Nd7xf6
10.O-O Bf8d6
11.Nd2f3 Qd8c7
12.h3 O-O
13.Ne2c3 a6
14.Bc1e3 Bc8d7
15.Ra1c1 Bd7e8
16.a3 Be8h5
17.Bd3e2 Ra8e8
18.b4 Qc7d8
19.Rf1e1 Bd6b8
20.g3 Bh5g6
{ resign }
0-1

[Event "Tourn. n8980"]
[Site "www.chess-mail.com"]
[Date "2016.11.30"]
[Round "1"]
[White "Goofy"]
[Black "Tartan"]
[WhiteElo "2330"]
[BlackElo "2490"]
[Result "1/2-1/2"]
[Round "1"]
1.e4 c5
2.Ng1f3 Nb8c6
3.Nb1c3 e6
4.d4 cxd4
5.Nf3xd4 a6
6.Bf1e2 Ng8e7
7.f4 b5
8.O-O Bc8b7
9.a3 d5
10.e5 Nc6xd4
11.Qd1xd4 Ne7f5
12.Qd4d3 Bf8c5
13.Kh1 Qd8h4
14.Rf1f3 O-O
15.Bc1d2 Ra8c8
16.Ra1f1 Qh4e7
17.Rf3h3 Rf8d8
18.Be2g4 Qe7d7
19.Nc3e2 Bc5b6
20.c3 d4
21.cxd4 Bb7d5
22.Bg4xf5 exf5
23.Bd2c3 { draw }
1/2-1/2

[Event "Tourn. n9010"]
[Site "www.chess-mail.com"]
[Date "2016.11.30"]
[Round "1"]
[White "Cernunnoss"]
[Black "Mao"]
[WhiteElo "1720"]
[BlackElo "1730"]
[Result "1-0"]
[Round "1"]
1.e4 e5
2.Ng1f3 Nb8c6
3.Bf1b5 a6
4.Bb5xc6 dxc6
5.O-O f6
6.d4 exd4
7.Nf3xd4 c5
8.Nd4b3 Qd8xd1
9.Rf1xd1 Bf8d6
10.Bc1e3 b6
11.Nb1c3 Ng8e7
12.a4 O-O
13.a5 Bc8b7
14.f3 Ra8d8
15.Rd1d2 Ne7c6
16.axb6 cxb6
17.Ra1d1 Bd6c7
18.h3 Nc6e5
19.Rd2xd8 Rf8xd8
20.Rd1xd8 Bc7xd8
21.Kf2 Ne5c4
22.Be3c1 Kf7
23.Ke2 Ke6
24.Nb3d2 Nc4xd2
25.Bc1xd2 b5
26.b3 Bd8c7
27.Kd3 Bc7b6
28.Nc3e2 g5
29.c4 Bb7c6
30.Bd2e3 Ke5
31.Ne2c3 f5
32.Be3xg5 fxe4
33.Nc3xe4 { resign }
1-0

[Event "Tourn. n9053"]
[Site "www.chess-mail.com"]
[Date "2016.11.30"]
[Round "1"]
[White "Roque1"]
[Black "Mao"]
[WhiteElo "1730"]
[BlackElo "1880"]
[Result "1/2-1/2"]
[Round "1"]
1.e4 c5
2.Ng1f3 d6
3.d4 cxd4
4.Nf3xd4 Ng8f6
5.Nb1c3 a6
6.Bc1g5 e5
7.Nd4b3 Bf8e7
8.Bf1e2 Nb8c6
9.O-O Bc8e6
10.Qd1d2 Qd8c7
11.f4 exf4
12.Rf1xf4 h6
13.Bg5xf6 Be7xf6
14.Ra1f1 Bf6g5
15.Nc3d5 Be6xd5
16.exd5 Bg5xf4
17.Qd2xf4 Nc6e5
18.Be2h5 O-O
19.Nb3d4 Qc7b6
20.b3 Ne5g6
21.Qf4e4 Ra8e8
22.Qe4d3 Re8e5
23.Bh5xg6 fxg6
24.Rf1xf8 Kxf8
25.Kf1 Qb6a5
26.Nd4f3 Re5xd5
27.Qd3xg6 Qa5xa2
28.Nf3e1 Qa2a5
29.c4 Rd5d1
30.Qg6e4 Qa5d2
31.Qe4f5 Kg8
32.Qf5e6 Kh8
33.Qe6e8 Kh7
34.Qe8e4 { draw }
1/2-1/2

[Event "Tourn. n8867"]
[Site "www.chess-mail.com"]
[Date "2016.11.30"]
[Round "1"]
[White "Nimzo"]
[Black "Jose"]
[WhiteElo "2830"]
[BlackElo "2760"]
[Result "0-1"]
[Round "1"]
1.d4 d5
2.c4 dxc4
3.e4 e5
4.Ng1f3 exd4
5.Bf1xc4 Nb8c6
6.Qd1b3 Bc8e6
7.Bc4xe6 fxe6
8.Qb3xb7 Ng8e7
9.Qb7b3 Qd8d7
10.Nf3g5 Nc6d8
11.O-O Ne7c6
12.Nb1d2 Bf8e7
13.Nd2c4 O-O
14.Qb3h3 h6
15.Ng5f3 Nd8f7
16.Rf1d1 Ra8b8
17.Bc1e3 Nf7g5
18.Be3xg5 Be7xg5
19.Nf3xg5 hxg5
20.Qh3g3 e5
21.b3 Qd7e7
22.Rd1c1 Rf8f4
23.Nc4b2 Qe7d6
24.Qg3d3 Rf4f7
25.Qd3a6 Qd6f6
26.Rc1f1 Rb8b6
27.Qa6c8 Kh7
28.Qc8h3 Kg8
29.Nb2a4 Rb6b8
30.Na4c5 Rb8b5
31.Nc5d3 Nc6b4
32.Qh3c8 Kh7
33.Qc8e8 c6
34.Nd3xb4 Rb5xb4
35.Ra1c1 Rb4b6
36.Rc1c5 Rf7e7
37.Qe8h5 Kg8
38.Rf1c1 Re7f7
39.Rc1c2 Qf6e7
40.Rc5c4 Rf7f8
41.Qh5e2 Rf8f6
42.h3 Rf6h6
43.Kf1 Qe7d7
44.f3 Rh6d6
45.Qe2d2 Qd7e7
46.Rc4c5 Rb6a6
47.Qd2d3 Ra6b6
48.Ke2 Kh7
49.Kd1 Rd6e6
50.Kc1 Qe7f6
51.Rc5a5 Rb6b7
52.Kb2 Qf6d8
53.Qd3d2 Qd8f6
 { time }
0-1

[Event "Tourn. n9053"]
[Site "www.chess-mail.com"]
[Date "2016.11.30"]
[Round "1"]
[White "Redabond"]
[Black "Servant"]
[WhiteElo "1750"]
[BlackElo "1690"]
[Result "0-1"]
[Round "1"]
1.d4 d5
2.Bc1f4 c6
3.e3 Bc8f5
4.Nb1c3 e6
5.Ng1f3 Ng8f6
6.Bf1d3 Bf5xd3
7.Qd1xd3 Nb8d7
8.O-O Bf8e7
9.Rf1e1 c5
10.Nc3b5 O-O
11.dxc5 Nd7xc5
12.Qd3d2 Nc5e4
13.Nb5c7 Ne4xd2
14.Nc7xe6 Nd2xf3
{ resign }
0-1

[Event "Tourn. n9002"]
[Site "www.chess-mail.com"]
[Date "2016.11.30"]
[Round "1"]
[White "Nimzo"]
[Black "Seger"]
[WhiteElo "2780"]
[BlackElo "2780"]
[Result "0-1"]
[Round "1"]
1.d4 Ng8f6
2.c4 e6
3.Ng1f3 b6
4.g3 Bc8b7
5.Bf1g2 Bf8e7
6.Nb1c3 O-O
7.O-O Nf6e4
8.Qd1c2 Ne4xc3
9.Qc2xc3 Qd8e8
10.b3 a5
11.Bc1b2 f5
12.Qc3d2 Be7f6
13.Nf3e1 Bb7xg2
 { time }
0-1

[Event "Tourn. n9049"]
[Site "www.chess-mail.com"]
[Date "2016.11.30"]
[Round "1"]
[White "Azulmarino"]
[Black "Cal"]
[WhiteElo "1590"]
[BlackElo "1700"]
[Result "1-0"]
[Round "1"]
1.e4 e5
2.Ng1f3 d6
3.d4 exd4
4.Nf3xd4 c5
5.Nd4f3 a6
6.Bc1g5 Bf8e7
7.Qd1d5 Nb8c6
8.Bg5xe7 Nc6xe7
9.Qd5g5 g6
10.Nb1c3 f6
11.Qg5e3 Bc8e6
12.Bf1d3 Ne7c6
13.O-O Ng8e7
14.a3 b5
15.b3 O-O
16.Rf1d1 Kg7
17.h3 g5
18.g4 h6
19.Nc3d5 Be6xd5
20.exd5 Nc6e5
21.Bd3f5 Qd8b6
22.Qe3e4 Ne5xf3
23.Qe4xf3 c4
24.b4 Ra8c8
25.Rd1e1 Rf8e8
26.Ra1d1 c3
27.Bf5d7 Qb6c7
28.Bd7f5 Ne7xf5
29.Re1e6 Re8xe6
30.dxe6 Nf5h4
31.Qf3e4 Rc8e8
32.Qe4e3 Qc7c6
33.Qe3a7 Kg6
34.Qa7f7 { resign }
1-0

[Event "Tourn. n9030"]
[Site "www.chess-mail.com"]
[Date "2016.11.30"]
[Round "1"]
[White "Fred"]
[Black "Osopanda"]
[WhiteElo "1980"]
[BlackElo "2020"]
[Result "1-0"]
[Round "1"]
1.e4 e5
2.f4 d5
3.exd5 e4
4.Bf1c4 Bf8d6
5.d3 Ng8f6
6.h3 exd3
7.Ng1f3 O-O
8.O-O dxc2
9.Qd1xc2 Nb8d7
10.Nb1c3 Rf8e8
11.Bc4d3 Nd7c5
12.Bc1d2 Nc5xd3
13.Qc2xd3 Bd6c5
14.Kh1 a5
15.a3 c6
16.Ra1d1 cxd5
17.Nc3b5 b6
18.Bd2c3 Bc8a6
19.a4 Nf6e4
20.Nf3d4 Ne4xc3
21.bxc3 Ra8c8
22.Qd3g3 Ba6xb5
23.Nd4xb5 Qd8f6
24.Rd1xd5 Re8e3
25.Qg3g4 Rc8e8
26.Rd5d1 g6
27.Nb5c7 Re8e4
28.Nc7d5 Qf6c6
29.Nd5xe3 Re4xe3
30.f5 Re3xc3
31.f6 h6
32.Rf1f5 Bc5b4
33.Rf5h5 Kh7
34.Rh5xh6 Kg8
35.Rd1d8 Bb4f8
36.Rd8xf8 { resign }
1-0

[Event "Tourn. n8969"]
[Site "www.chess-mail.com"]
[Date "2016.11.30"]
[Round "1"]
[White "Passaroa25"]
[Black "Azulmarino"]
[WhiteElo "1530"]
[BlackElo "1650"]
[Result "0-1"]
[Round "1"]
1.e4 e5
2.c3 Bf8c5
3.Ng1e2 Ng8f6
4.Ne2g3 d6
5.b4 Bc5b6
6.d3 Nf6g4
7.Bc1e3 Bb6xe3
8.fxe3 Qd8f6
9.Ng3f5 Bc8xf5
10.Qd1f3 Bf5xe4
11.Qf3xf6 Ng4xf6
12.dxe4 Nf6xe4
13.Bf1e2 b5
14.Be2xb5 c6
15.Bb5d3 d5
16.g4 O-O
17.O-O Ne4g5
18.Bd3f5 e4
19.Nb1d2 Nb8a6
20.Bf5d7 Rf8d8
21.Bd7xc6 Ra8b8
22.Kg2 Rd8d6
23.Bc6a4 Rd6d8
24.Rf1f5 h6
25.Ra1d1 Na6c7
26.Ba4b3 g6
27.Rf5f1 Nc7b5
28.Nd2b1 a6
29.Rf1f6 Rd8d6
30.Rf6xd6 Nb5xd6
31.Bb3xd5 Ng5f3
32.Nb1d2 Nf3h4
33.Kh3 g5
34.Nd2xe4 Rb8d8
35.Bd5b3 Rd8c8
36.c4 Nd6xe4
37.Rd1f1 Rc8d8
38.c5 Rd8d3
39.Bb3xf7 Kg7
40.Bf7h5 Rd3xe3
{ resign }
0-1

[Event "Tourn. n9016"]
[Site "www.chess-mail.com"]
[Date "2016.11.30"]
[Round "1"]
[White "Awfen"]
[Black "Zeksky"]
[WhiteElo "2100"]
[BlackElo "2009"]
[Result "1-0"]
[Round "1"]
1.e4 e5
2.Ng1f3 Nb8c6
3.Bf1c4 Bf8c5
4.O-O h6
5.b4 Bc5xb4
6.c3 Bb4c5
7.d4 exd4
8.cxd4 Bc5b6
9.Bc1a3 d6
10.Bc4b5 Bc8d7
11.Nb1c3 Qd8f6
12.e5 Qf6g6
13.exd6 cxd6
14.Rf1e1 Ng8e7
15.d5 Nc6b8
16.Bb5d3 Qg6h5
17.Ba3xd6 Bd7g4
18.Re1xe7 Kd8
19.Bd3e2 Nb8d7
20.Re7e4 Qh5g6
21.Bd6e7 Kc8
22.d6 Kb8
23.Nf3h4 Qg6h5
24.Be2xg4 Qh5c5
25.Qd1d2  { time }
1-0

[Event "Tourn. n8934"]
[Site "www.chess-mail.com"]
[Date "2016.11.30"]
[Round "1"]
[White "Passaroa25"]
[Black "Falcoale"]
[WhiteElo "1570"]
[BlackElo "1500"]
[Result "0-1"]
[Round "1"]
1.e4 c5
2.f3 e6
3.Qd1e2 Nb8c6
4.c3 b6
5.d3 Bc8b7
6.Bc1e3 Ng8f6
7.Be3g5 h6
8.Bg5h4 Bf8e7
9.Bh4f2 O-O
10.Qe2c2 d5
11.Ng1e2 e5
12.Nb1d2 Ra8c8
13.Ne2g3 d4
14.Bf1e2 b5
15.O-O a5
16.a3 dxc3
17.Qc2xc3 b4
18.axb4 Nc6d4
19.Bf2xd4 cxd4
20.Qc3b3 Be7xb4
21.Nd2c4 Rc8b8
22.Ng3f5 Nf6d7
23.Nf5d6 Nd7c5
24.Nd6xb7 Nc5xb3
25.Nb7xd8 Rb8xd8
26.Nc4xe5 Nb3xa1
27.Rf1xa1 Bb4d2
28.Ra1a2 Rd8c8
29.h3 Bd2e3
30.Kh2 Be3f4
31.g3 Bf4xe5
32.b3 Rc8c3
33.Ra2xa5 Be5f6
34.h4 Rc3xb3
35.Kg2 Rf8c8
36.Kf2 Rc8c2
37.Ra5a8 Kh7
38.Ra8a7 Rb3b2
39.Kg2 Rc2xe2
40.Kh3 h5
41.g4 Bf6e5
42.gxh5 Re2h2
43.Kg4 Rb2g2
44.Kf5 Be5f6
45.Ra7xf7 Rh2xh4
46.Ke6 Rh4xh5
47.f4 Rh5h3
48.Rf7xf6 gxf6
49.Kxf6 Rh3xd3
50.e5 Rd3e3
51.e6 d3
52.e7 Rg2e2
{ resign }
0-1

[Event "Match"]
[Site "www.echecsemail.com"]
[Date "2016.11.30"]
[Round "1"]
[White "Worldnumber1"]
[Black "Bojan"]
[WhiteElo "1809"]
[BlackElo "1970"]
[Result "0-1"]
[Round "1"]
1.c4 c5
2.Ng1f3 Nb8c6
3.Nb1c3 g6
4.e3 Bf8g7
5.h4 h5
6.Nc3d5 e6
7.Nd5c3 Ng8f6
8.d4 cxd4
9.Nf3xd4 Qd8c7
10.a4 Nc6e5
11.Bf1e2 a6
12.O-O Ne5xc4
13.Be2xc4 Qc7xc4
14.Nc3e2 d5
15.g3 e5
16.Nd4f3 Nf6g4
17.Nf3h2 Bc8e6
18.Nh2xg4 Be6xg4
19.f3 Bg4e6
20.f4 Be6g4
21.b3 Qc4xe2
22.Qd1xe2 Bg4xe2
23.Rf1f2 exf4
24.Rf2xf4 Bg7xa1
25.Rf4d4 Ba1xd4
 { time }
0-1

[Event "Match"]
[Site "www.echecsemail.com"]
[Date "2016.11.30"]
[Round "1"]
[White "Jose"]
[Black "Worldnumber1"]
[WhiteElo "2770"]
[BlackElo "1809"]
[Result "1-0"]
[Round "1"]
1.e4 c5
2.Ng1f3 d6
3.d4 cxd4
4.Nf3xd4 Ng8f6
5.Nb1c3 a6
6.Bc1g5 e6
7.f4 Bf8e7
8.Qd1f3 O-O
9.O-O-O Nb8d7
10.g4 b5
11.Nd4c6 Qd8e8
12.Nc6xe7 Qe8xe7
13.e5 d5
14.exf6 Qe7e8
15.Qf3h3 h6
16.fxg7 Kxg7
17.Qh3xh6 Kg8
18.Bg5f6 Nd7xf6
19.Qh6g5 Kh7
20.Rd1d3 Rf8g8
21.Rd3h3  { time }
1-0

[Event "Match"]
[Site "www.echecsemail.com"]
[Date "2016.11.30"]
[Round "1"]
[White "Asoka"]
[Black "Worldnumber1"]
[WhiteElo "2710"]
[BlackElo "1809"]
[Result "1-0"]
[Round "1"]
1.e4 c5
2.Ng1f3 d6
3.d4 cxd4
4.Nf3xd4 a6
5.c4 Ng8f6
6.Nb1c3 e5
7.Nd4c2 Nb8c6
8.f3 Bf8e7
9.Bc1e3 O-O
10.Qd1d2 h6
11.Bf1e2 Nc6d4
12.Nc2xd4 exd4
13.Be3xd4 Bc8d7
14.O-O  { time }
1-0

[Event "Match"]
[Site "www.echecsemail.com"]
[Date "2016.11.30"]
[Round "1"]
[White "Aalekhine"]
[Black "Passaroa25"]
[WhiteElo "1499"]
[BlackElo "1530"]
[Result "1-0"]
[Round "1"]
1.d4 c6
2.c4 d6
3.Nb1c3 f6
4.e4 Bc8e6
5.d5 Be6f7
6.Ng1f3 Nb8d7
7.Bf1e2 Nd7c5
8.O-O e5
9.dxe6 Nc5xe6
10.h3 Ng8e7
11.b3 Ne7g6
12.Bc1e3 Bf8e7
13.Qd1c2 O-O
14.Rf1d1 Qd8c7
15.g3 Rf8d8
16.Qc2c1 h6
17.Nf3d4 Ng6e5
18.Nd4xe6 Bf7xe6
19.Kg2 Be6f7
20.f4 Ne5g6
21.Qc1c2 a6
22.Be2f3 Kf8
23.Rd1d2 a5
24.Ra1e1 Kg8
25.Be3f2 b6
26.Re1d1 Rd8d7
27.Nc3e2 c5
28.e5 f5
29.Bf3xa8 Bf7e6
30.exd6 Rd7xd6
31.Rd2xd6 Be7xd6
32.Ba8d5 Be6f7
33.Qc2xf5 Bf7xd5
34.Qf5xd5 Kh7
35.Qd5xd6 Qc7xd6
36.Rd1xd6 Ng6e7
37.Rd6xb6 Ne7c8
38.Rb6c6 Nc8e7
39.Rc6xc5 { resign }
1-0

[Event "Match"]
[Site "www.echecsemail.com"]
[Date "2016.11.30"]
[Round "1"]
[White "Guidom"]
[Black "Mitja"]
[WhiteElo "2150"]
[BlackElo "1980"]
[Result "0-1"]
[Round "1"]
1.e4 d5
2.e5 e6
3.d4 a6
4.c3 c6
5.Ng1f3 h6
6.Bf1e2 Ng8e7
7.O-O Ne7g6
8.Nb1d2 Nb8d7
9.Nd2b3 b6
10.Bc1e3 Bc8b7
11.Nf3d2 Bf8e7
12.Be2d3 Qd8c7
13.Bd3xg6 fxg6
14.Qd1g4 O-O-O
15.Qg4xe6 Rd8e8
16.Qe6xg6 Rh8g8
17.Nd2f3 Nd7f8
18.Qg6d3 Nf8e6
19.a4 a5
20.c4 dxc4
21.Qd3xc4 Be7b4
22.Ra1c1 Kb8
23.Rf1d1 g5
24.h3 Ne6f4
25.Be3xf4 gxf4
26.d5 c5
27.d6 Qc7g7
28.Nf3h4 Qg7g5
29.d7 Re8d8
30.g3 fxg3
31.f3 Qg5e3
{ resign }
0-1

[Event "Match"]
[Site "www.echecsemail.com"]
[Date "2016.11.30"]
[Round "1"]
[White "Bojan"]
[Black "Ssharp"]
[WhiteElo "1890"]
[BlackElo "2180"]
[Result "0-1"]
[Round "1"]
1.e4 e6
2.d4 d5
3.e5 c5
4.Bf1b5 Bc8d7
5.Bb5xd7 Qd8xd7
6.c3 Nb8c6
7.Bc1e3 cxd4
8.cxd4 Ng8e7
9.Nb1c3 a6
10.Ng1h3 h6
11.Nh3f4 b6
12.a3 Ne7f5
13.g3 Nf5xe3
14.fxe3 Bf8e7
15.O-O O-O
16.Nc3a4 Ra8b8
17.Qd1g4 Nc6xe5
18.Qg4d1 Ne5c4
19.Qd1b3 b5
20.Na4c5 Be7xc5
21.dxc5 Nc4d2
22.Qb3c3 Nd2xf1
23.Nf4h5 f6
24.Ra1xf1 Qd7f7
25.Nh5f4 e5
26.Nf4d3 Qf7e6
27.Nd3b4 a5
28.Nb4d3 b4
29.axb4 d4
30.exd4 axb4
31.Nd3xb4 exd4
32.Qc3xd4 Rf8d8
33.Qd4c3 Qe6e2
34.Rf1e1 Rd8d1
35.Re1xd1 Qe2xd1
36.Kf2 Rb8d8
37.Kg2 Rd8d2
38.Kh3 Qd1h5
{ resign }
0-1

[Event "Match"]
[Site "www.echecsemail.com"]
[Date "2016.11.30"]
[Round "1"]
[White "Pellix84"]
[Black "Raulazo"]
[WhiteElo "1990"]
[BlackElo "1940"]
[Result "1-0"]
[Round "1"]
1.d4 e6
2.Ng1f3 Ng8f6
3.Bc1g5 Bf8b4
4.c3 Bb4e7
5.Nb1d2 h6
6.Bg5xf6 Be7xf6
7.e4 d5
8.e5 Bf6g5
9.Bf1d3 Nb8c6
10.O-O Bg5f4
11.Qd1b3 Nc6a5
12.Qb3a3 Na5c6
13.b3 Bf4xd2
14.Nf3xd2 Qd8e7
15.Qa3b2 Bc8d7
16.c4 Qe7h4
17.Nd2f3 Qh4e7
18.cxd5 exd5
19.Ra1c1 Nc6b4
20.Rf1d1 c6
21.Bd3e2 O-O
22.a3 Nb4a6
23.Rd1d3 Bd7f5
24.Rd3e3 c5
25.Be2xa6 bxa6
26.dxc5 Bf5e4
27.b4 Be4xf3
28.Re3xf3 Ra8d8
29.Rf3g3 Qe7e6
30.c6 Rd8b8
31.c7 Rb8c8
32.Qb2d4 Qe6d7
33.Qd4xa7 Rc8a8
34.Qa7b6 g6
35.h4 Rf8c8
36.h5 g5
37.Qb6xh6 f6
38.exf6 Rc8xc7
39.Rg3xg5 Kf7
40.Rc1xc7 Qd7xc7
41.Rg5g7 Ke6
42.Rg7xc7 { resign }
1-0